000 00372nam a2200169Ia 4500
003 0100
008 130303s9999 xx 000 0 und d
040 _cARRUPELIB
050 _aPA6141.A1R661988
100 _aSnodgrass, Mary Ellen
245 _aRoman Classics Notes
260 _aLincoln
260 _bCliffs Notes
260 _C1988
300 _a376p
942 0 0 _02
999 _c21968
_d21968